A history of China / (Record no. 22566)

MARC details
000 -LEADER
fixed length control field 00861cam a22002891 4500
001 - CONTROL NUMBER
control field 8906617
003 - CONTROL NUMBER IDENTIFIER
control field BDDh-ASL
005 - DATE AND TIME OF LATEST TRANSACTION
control field 20231015030137.0
008 - FIXED-LENGTH DATA ELEMENTS--GENERAL INFORMATION
fixed length control field 760324s1960 caua b 001 0 eng
010 ## - LIBRARY OF CONGRESS CONTROL NUMBER
LC control number a 62008636
035 ## - SYSTEM CONTROL NUMBER
System control number (OCoLC)2065687
040 ## - CATALOGING SOURCE
Original cataloging agency DLC
Transcribing agency PU
Modifying agency OCoLC
-- DLC
-- BDDh-ASL
041 1# - LANGUAGE CODE
Language code of text/sound track or separate title eng
Language code of original und
042 ## - AUTHENTICATION CODE
Authentication code premarc
050 00 - LIBRARY OF CONGRESS CALL NUMBER
Classification number DS735
Item number .E214 1960
082 ## - DEWEY DECIMAL CLASSIFICATION NUMBER
Classification number 951
Item number EBH
100 1# - MAIN ENTRY--PERSONAL NAME
Personal name Eberhard, Wolfram,
Dates associated with a name 1909-
245 02 - TITLE STATEMENT
Title A history of China /
Statement of responsibility, etc. [Translated by E.W. Dickes.
250 ## - EDITION STATEMENT
Edition statement 2d ed., rev.]
260 ## - PUBLICATION, DISTRIBUTION, ETC.
Place of publication, distribution, etc. Berkeley :
Name of publisher, distributor, etc. University of California Press,
Date of publication, distribution, etc. 1960.
300 ## - PHYSICAL DESCRIPTION
Extent xv, 358 p. :
Other physical details illus.
Dimensions 22 cm.
500 ## - GENERAL NOTE
General note Translation of Chinas Geschichte.
504 ## - BIBLIOGRAPHY, ETC. NOTE
Bibliography, etc. note "Notes and references": p. 327-346.
651 #0 - SUBJECT ADDED ENTRY--GEOGRAPHIC NAME
Geographic name China
General subdivision History.
906 ## - LOCAL DATA ELEMENT F, LDF (RLIN)
a 7
b cbc
c oclcrpl
d u
e ncip
f 19
g y-gencatlg
942 ## - ADDED ENTRY ELEMENTS (KOHA)
Source of classification or shelving scheme Dewey Decimal Classification
Koha item type Books
Holdings
Withdrawn status Lost status Source of classification or shelving scheme Damaged status Not for loan Collection code Home library Current library Shelving location Date acquired Source of acquisition Total Checkouts Full call number Barcode Date last seen Copy number Price effective from Koha item type Public note
    Dewey Decimal Classification     Non-fiction Asiatic Society Library Asiatic Society Library General Stacks 03/01/2021 ASB Library Collections   951 EBH 106846 03/01/2021 C-1 03/01/2021 Books RARE

Powered by Koha